Intenzifikácia sa začína disciplínou

Bibliographic Details
Main Author: Oravec, Vladimír (Author)
Format: Article
Language:Slovak
Subjects:

MARC

LEADER 00000nab a2200000 a 4500
001 vtls000258837
003 SK-MaSNL
005 20260304195522.0
008 111130c1986 xo 0 slo
015 |a SNBRB19rr/mm-uuuuu 
035 |a CL0268951 
040 |a SNKBUCL  |b slo  |c SNKBUCL  |e AACR2 
041 0 |a slo 
044 |a xo  |c SK 
080 |a 656.2(437)  |2 1981 
080 |a 629.4  |2 1981 
100 1 |a Oravec, Vladimír  |4 aut  |9 477627 
245 1 0 |a Intenzifikácia sa začína disciplínou  |c Vladimír Oravec 
610 2 7 |a Československé štátné dráhy  |2 snkbucl  |9 162616 
650 0 7 |a železničná doprava  |2 snkbucl  |9 3185 
655 7 |a články z novín a časopisov  |2 snkbucl  |9 267496 
773 0 |t Pravda  |g Roč. 67, č. 227 (26. 9. 1986), s. 1 
850 |a Slovenská národná knižnica v Martine  |a MTA001 
852 |a SNK  |b KIS3GCP 
958 |a RK 
992 |a RBX 
999 |c 3081925  |d 3083855